Statistics for Countries Closest to Yemen

Click here to take the quiz!

General Stats

  • This quiz has been taken 1,367 times
  • The average score is 17 of 20

Answer Stats

kmcountrymiles% Correct
0Oman0
99%
0Saudi Arabia0
99%
839Egypt521
93%
858Iran533
92%
1212Iraq753
92%
133Somalia83
92%
442United Arab
Emirates
275
92%
615Qatar382
91%
109Ethiopia68
90%
29Eritrea18
88%
480Sudan298
88%
1106Kuwait687
87%
20Djibouti13
86%
771Bahrain479
85%
1070South Sudan665
84%
1493Jordan928
82%
985Kenya612
79%
1206Pakistan750
74%
1504Afghanistan935
64%
1397Uganda868
60%

Score Distribution

Percentile by Number Answered

Percent of People with Each Score

Your Score History

You have not taken this quiz